00846nam a2200265 i 4500003000900000005001700009007000300026008004100029020001500070040003000085041000800115082001400123100002300137245004200160264006200202300002700264336002700291337003400318338002800352590002700380910001400407942001400421952012800435999001700563DO-SdBNP20230928090553.0ta110413s2001 dr 000 0 spa d a0965005305 aDO-SdBNPbspacBNPHUerda heng bC289T2221 aCarnes, Nat91271910aTrujillo : bthe chief /cNat Carnes  1aSan Juan, Puerto Rico :b[editor no identificado],c2001. a323 páginas c21 cm. 2rdacontentatextobtxt 2rdamediaasin mediación bn 2rdacarrieravolumenbnc aInventariado, 2023/ YL aYLockward 2ddccLBS1 00102ddc51708PDaBNPHUbBNPHUcCTd2022-04-04eJohana Wilsil0oBNPHU PD C289Tp2023-6511r2023-09-28w2023-09-28yLBS1 c54987d54987